Central Library OPAC University of Rajshahi

Modern India and the West : (Record no. 25848)

MARC details
000 -LEADER
fixed length control field 01027cam a22003011 4500
001 - CONTROL NUMBER
control field 25848
003 - CONTROL NUMBER IDENTIFIER
rucl marc code BD-RjUL
005 - DATE AND TIME OF LATEST TRANSACTION
control field 20211209050933.0
008 - FIXED-LENGTH DATA ELEMENTS--GENERAL INFORMATION
fixed length control field 140319r19681941enk b 001 0 eng d
035 ## - SYSTEM CONTROL NUMBER
System control number (BD-RjUL)25918
040 ## - CATALOGING SOURCE
Original cataloging agency DLC
Transcribing agency DLC
Modifying agency DLC
-- BD-RjUL
Language of cataloging eng
041 ## - LANGUAGE CODE
Language code of text/sound track or separate title eng
082 00 - DEWEY DECIMAL CLASSIFICATION NUMBER
Classification number 915.403
Author mark and year MOD 1968
100 ## - MAIN ENTRY--PERSONAL NAME
Dates associated with a name ,
9 (RLIN) 79423
245 10 - TITLE STATEMENT
Title Modern India and the West :
Remainder of title a study of the interaction of their civilizations /
Statement of responsibility, etc. edited by L. S. S. O'Malley.
260 ## - PUBLICATION, DISTRIBUTION, ETC. (IMPRINT)
Place of publication, distribution, etc. London ;
-- New York :
Name of publisher, distributor, etc. Oxford U.P.,
Date of publication, distribution, etc. 1941 [Printed1968.]
300 ## - PHYSICAL DESCRIPTION
Pagination 834 p. ;
Size 23 cm.
350 ## - PRICE (NR) (BK AM CF MU VM SE) [OBSOLETE]
Price unpriced
500 ## - GENERAL NOTE
General note "Published under the auspices of the Royal Institute of International Affairs."
504 ## - BIBLIOGRAPHY, ETC. NOTE
Bibliography, etc Bibliographical footnotes. and Index
651 #0 - SUBJECT ADDED ENTRY--GEOGRAPHIC NAME
Geographic name India
General subdivision Civilization.
9 (RLIN) 79424
Geographic name India
General subdivision Relations
Geographic subdivision Europe.
9 (RLIN) 75719
Geographic name Europe
General subdivision Relations
Geographic subdivision India.
9 (RLIN) 75720
710 2# - ADDED ENTRY--CORPORATE NAME
Corporate name or jurisdiction name as entry element Royal Institute of International Affairs.
9 (RLIN) 79425
942 ## - ADDED ENTRY ELEMENTS (KOHA)
Source of classification or shelving scheme Dewey Decimal Classification
Koha item type Books
Holdings
Lost status Source of classification or shelving scheme Damaged status Not for loan Collection code Permanent Location Current Location Shelving location Date acquired Source of acquisition Cost, normal purchase price Total Checkouts Full call number Date last seen Copy number Koha item type
  Dewey Decimal Classification   Added to bundle Non-fiction Central Library, University of Rajshahi Central Library, University of Rajshahi Reading Room 02/06/1975 Jonathan wren & co. 5.00   915.403 MOD 1968 19/03/2014 C-1 Books
  Dewey Decimal Classification     Non-fiction Central Library, University of Rajshahi Central Library, University of Rajshahi   02/06/1975 Jonathan wren & co. 5.00   915.403 MOD 1968 19/03/2014 C-2 Books